| 000 | 00533ntaaa2200193 4500 | ||
|---|---|---|---|
| 003 | 01 | ||
| 005 | 20251027202225.0 | ||
| 008 | 0714s1973 ag 01 | ||
| 040 |
_aAR-BaBN _bspa _cAR-BaBN _eaacr _dRIC |
||
| 082 | _a268.0100 D84 | ||
| 100 |
_aDrummond, Norvell Robertson _920750 |
||
| 245 | _aThe educational function of the church | ||
| 250 | _a1 ed. | ||
| 260 |
_aNashville : _bSunday School Board, _cc1924 |
||
| 300 | _a223 p | ||
| 500 | _aLa función educativa de la iglesia | ||
| 650 |
_aeducación cristiana _9405 |
||
| 942 | _cBK | ||
| 999 |
_c17111 _d17111 |
||